000 00702nam a22001935i 4500
001 157633
003 ES-MaACL
005 20230906210754.0
008 020807s1894 fr |||| | fre d
040 _aCCPB | B
_bspa
_cCCPB | B
100 1 _aLetourneau, Charles.
_971888
245 1 2 _aL'evolution littéraire dans les diverses races huamines /
_cpar Ch. Letourneau.
260 _aParis :
_bL. Battaille et Cie,
_c1894 (
_eBar-Sur-Seine :
_fImprimerie Saillard)
300 _aVII, 574 p. ;
_c21 cm.
490 1 _aBibliothèque anthropologique ;
_v15
830 0 _aBibliothèque anthropologique ;
_v15
_9187951
852 _aES-MaACL
_jF-14326
_z-- Enc. pasta española
999 _c157633
_d157633